000 00719nam a2200265Ia 4500
003 OSt
005 20220918163808.0
006 a|||||r|||| 00| 0
007 ta
008 220917b |||||||| |||| 00| 0 eng d
020 _a0300035276
024 _a35,508
037 _cTextual
040 _aARTS
_cARTS
_beng
041 _2eng
_aeng
082 _aO122,1:g(S:521), 111M6
100 _aMuscatine Charles
_915440
245 0 _aOld French fabliaux
260 _aNew Haven
_bYale Univ Press
_c1986
300 _axii,219p.
_ccm.
500 _aIncludex index
650 _aENGLISH LITERATURE
942 _hO122,1:g(S:521), 111M6
_cTEXL
_2CC
999 _c121598
_d121598